00501nam a22001457a 4500003000500000038001800005082000800023100001900031245012400050264003500174300002400209650002800233700003700261856005700298NUST aNusrat Nadeem a200 aAhmad, Shahlan aDesign and Development of Polarization Agile Frequency Selective Surfaces (FSS) for C, X and Ku bands/cShahlan Ahmad,  aIslamabad,bSEECS NUST,c2024. aill:b55,p:c30,cm. aElectrical Engineering  aSupervisor: Dr. Nosherwan Shoaib uhttp://10.250.8.41:8080/xmlui/handle/123456789/42198